Sports Quiz

Random Sports or Clickable Quiz

Ireland v Romania 1990 Quiz Stats

 Plays Quiz not verified by Sporcle

Also try: Short but Stout
Challenge
Share
Tweet
Embed
Score 0/5 Timer 01:00
0 Plays Today
% Correct
David O'Leary
89.7%
Andy Townsend
77%
Tony Cascarino
73.8%
Kevin Sheedy
67.5%
Ray Houghton
64.3%

You're not logged in!

Compare scores with friends on all Sporcle quizzes.
OR
Log In

You Might Also Like...

Show Comments

Extras

Top Quizzes Today


Score Distribution

Your Account Isn't Verified!

In order to create a playlist on Sporcle, you need to verify the email address you used during registration. Go to your Sporcle Settings to finish the process.

Report this User

Report this user for behavior that violates our Community Guidelines.

Details: